Countries With Tigers - Statistics

General Stats
  • This quiz has been taken 163 times
  • The average score is 11 of 13
Answer Stats
Countries With Tigers % Correct
India
99%
China
96%
Vietnam
92%
Thailand
90%
Laos
89%
Indonesia
88%
Malaysia
87%
Nepal
86%
Myanmar
85%
Bangladesh
84%
Cambodia
83%
Russia
83%
Bhutan
77%
No matching quizzes found
Score Distribution
Percent of People with Each Score
Percentile by Number Answered
Your Score History
You have not taken this quiz